Một chặng đường đào tạo cán bộ phát hành sách /

Αποθηκεύτηκε σε:
Λεπτομέρειες βιβλιογραφικής εγγραφής
Κύριος συγγραφέας: Phạm Thanh Tâm, PTS.
Μορφή: Άρθρο
Γλώσσα:Vietnamese
Θέματα:
Ετικέτες: Προσθήκη ετικέτας
Δεν υπάρχουν, Καταχωρήστε ετικέτα πρώτοι!
Thư viện lưu trữ: Thư viện Trường Đại học Đà Lạt
LEADER 00808nam a2200265 4500
001 DLU090080236
005 ##20090619
040 # # |a DLU  |b vie 
041 # # |a vie 
044 # # |a vn 
100 # # |a Phạm Thanh Tâm,  |c PTS. 
245 # # |a Một chặng đường đào tạo cán bộ phát hành sách /  |c Phạm Thanh Tâm. 
653 # # |a Đào tạo cán bộ 
653 # # |a Cán bộ chuyên môn 
653 # # |a Trường Đại học Văn hoá Hà Nội 
773 # # |t Văn hoá Nghệ thuật  |g Số 3(177), 1999, tr. 11-12 
920 # # |a Phòng Tạp chí -- Trung tâm Thông tin - Thư viện Trường Đại học Đà Lạt 
994 # # |a DLU 
900 # # |a True 
911 # # |a Đào Thị Thu Huyền 
925 # # |a G 
926 # # |a A 
927 # # |a BB 
980 # # |a Thư viện Trường Đại học Đà Lạt